Fifteenth General Review of Quotas-Notification from the Executive Board to the Board of Governors : 43800.

On December 20, 2019, the Executive Board notified the Board of Governors that it would not be able to report to the Board of Governors in time to facilitate a vote by the Board of Governors concluding the Fifteenth Review before the end of 2019, as previously envisaged, and that the Executive Board...

Description complète

Détails bibliographiques
Collectivité auteur: International Monetary Fund. Finance Dept
Format: Revue
Langue:English
Publié: Washington, D.C. : International Monetary Fund, 2020.
Collection:Policy Papers; Policy Paper ; No. 2020/009
Accès en ligne:Full text available on IMF
LEADER 01603cas a2200241 a 4500
001 AALejournalIMF016243
008 230101c9999 xx r poo 0 0eng d
020 |c 5.00 USD 
020 |z 9781513530093 
022 |a 2663-3493 
040 |a BD-DhAAL  |c BD-DhAAL 
110 2 |a International Monetary Fund.  |b Finance Dept. 
245 1 0 |a Fifteenth General Review of Quotas-Notification from the Executive Board to the Board of Governors :   |b 43800. 
264 1 |a Washington, D.C. :  |b International Monetary Fund,  |c 2020. 
300 |a 1 online resource (2 pages) 
490 1 |a Policy Papers 
500 |a <strong>Off-Campus Access:</strong> No User ID or Password Required 
500 |a <strong>On-Campus Access:</strong> No User ID or Password Required 
506 |a Electronic access restricted to authorized BRAC University faculty, staff and students 
520 3 |a On December 20, 2019, the Executive Board notified the Board of Governors that it would not be able to report to the Board of Governors in time to facilitate a vote by the Board of Governors concluding the Fifteenth Review before the end of 2019, as previously envisaged, and that the Executive Board was expected to report to the Board of Governors around mid-January 2020 on the outcome of discussions on the Fifteenth Review, the goals and timetable for the Sixteenth Review, and on the way forward on IMF resources. 
538 |a Mode of access: Internet 
830 0 |a Policy Papers; Policy Paper ;  |v No. 2020/009 
856 4 0 |z Full text available on IMF  |u http://elibrary.imf.org/view/journals/007/2020/009/007.2020.issue-009-en.xml  |z IMF e-Library